[Event "Krapina op 7th"]
[Site "Krapina"]
[Date "2017.01.14"]
[Round "4"]
[White "Zigovecki, Vladimir"]
[Black "Abramovic, Darko"]
[Result "1-0"]
[WhiteElo "1885"]
[BlackElo "2118"]
[PlyCount "93"]
[EventDate "2017.01.12"]
[EventType "swiss"]
[EventRounds "7"]
[EventCountry "CRO"]
[SourceTitle "CBM 176 Extra"]
[Source "ChessBase"]
[SourceDate "2017.03.02"]
[SourceVersion "1"]
[SourceVersionDate "2017.03.02"]
[SourceQuality "1"]

1. d4 d5 2. Nf3 Bf5 3. c4 e6 4. Nc3 c6 5. cxd5 exd5 6. e3 Nf6 7. Bd3 Bg6 8. Ne5 Nbd7 9. Nxg6 hxg6 10. Qc2 Bd6 11. h3 Qe7 12. Bd2 0-0 13. 0-0 Rfe8 14. Rae1 Ne4 15. Bxe4 dxe4 16. f4 exf3 17. Rxf3 Bc7 18. Ref1 Qd6 19. Ne4 Qh2+ 20. Kf2 Rxe4 21. Qxe4 Nf6 22. Rxf6 gxf6 23. Qf3 f5 24. Ke1 Re8 25. g4 f4 26. Kd1 g5 27. Rh1 Qg3 28. Qxg3 fxg3 29. Ke2 Kg7 30. Kf3 Kg6 31. Be1 f5 32. gxf5+ Kxf5 33. Rg1 Rh8 34. e4+ Ke6 35. Bxg3 Rxh3 36. Kg4 Rh7 37. Bxc7 Rxc7 38. Rh1 Rf7 39. Rh6+ Kd7 40. Kxg5 Rf2 41. Rh7+ Kc8 42. e5 Rxb2 43. e6 Re2 44. Kf6 a5 45. Rh8+ Kc7 46. e7 Rf2+ 47. Kg5 1-0

[Event "Krapina op 7th"]
[Site "Krapina"]
[Date "2017.01.13"]
[Round "2"]
[White "Cipan, Viktor"]
[Black "Abramovic, Darko"]
[Result "0-1"]
[WhiteElo "1663"]
[BlackElo "2118"]
[PlyCount "56"]
[EventDate "2017.01.12"]
[EventType "swiss"]
[EventRounds "7"]
[EventCountry "CRO"]
[SourceTitle "CBM 176 Extra"]
[Source "ChessBase"]
[SourceDate "2017.03.02"]
[SourceVersion "1"]
[SourceVersionDate "2017.03.02"]
[SourceQuality "1"]

1. e4 e6 2. Nf3 d5 3. exd5 exd5 4. Nc3 d4 5. Ne2 d3 6. cxd3 Nc6 7. a3 g6 8. h3 Bg7 9. Nc3 Nge7 10. Be2 0-0 11. 0-0 Re8 12. Re1 Nf5 13. Bf1 Be6 14. b4 Ncd4 15. Nxd4 Nxd4 16. Bb2 Qd7 17. Rb1 Bb3 18. Rxe8+ Rxe8 19. Qc1 f5 20. a4 a6 21. Ba1 Qe7 22. b5 Qg5 23. Kh1 Qf4 24. Ne2 Nxe2 25. Bxe2 Bxa1 26. Rxb3 Rxe2 27. Qxa1 Qxf2 28. Qg1 Re1 0-1

[Event "CRO-CupT final"]
[Site "Sibenik"]
[Date "2015.05.20"]
[Round "1.9"]
[White "Dutina, Dario"]
[Black "Abramovic, Darko"]
[Result "1-0"]
[WhiteElo "2328"]
[BlackElo "2126"]
[PlyCount "43"]
[EventDate "2015.05.20"]
[EventType "team-swiss"]
[EventRounds "6"]
[EventCountry "CRO"]
[SourceTitle "CBM 166 Extra"]
[Source "ChessBase"]
[SourceDate "2015.06.18"]
[SourceVersion "1"]
[SourceVersionDate "2015.06.18"]
[SourceQuality "1"]
[WhiteTeam "Sesvete"]
[BlackTeam "Nasice Slavonac"]
[WhiteTeamCountry "CRO"]
[BlackTeamCountry "CRO"]

1. e4 e6 2. d4 d5 3. e5 c5 4. c3 Bd7 5. dxc5 Nc6 6. Nf3 Bxc5 7. b4 Bb6 8. Bd3 Nge7 9. b5 Na5 10. 0-0 Rc8 11. a4 Nc4 12. Nbd2 Nxd2 13. Bxd2 Qc7 14. Re1 0-0 15. a5 Bc5 16. Bxh7+ Kxh7 17. Ng5+ Kg6 18. Qg4 f5 19. Qg3 Qb8 20. Bf4 Qa8 21. h4 Rh8 22. Nxe6+ 1-0

[Event "CRO-chT2 Ost"]
[Site "Croatia"]
[Date "2015.05.10"]
[Round "6.14"]
[White "Cubelic, Milan"]
[Black "Abramovic, Darko"]
[Result "1/2-1/2"]
[WhiteElo "2085"]
[BlackElo "2109"]
[PlyCount "64"]
[EventDate "2015.04.25"]
[EventType "team-tourn"]
[EventRounds "11"]
[EventCountry "CRO"]
[SourceTitle "EXT 2016"]
[Source "ChessBase"]
[SourceDate "2015.10.08"]
[SourceVersion "1"]
[SourceVersionDate "2015.10.08"]
[SourceQuality "1"]

1. e4 e6 2. d4 d5 3. e5 c5 4. c3 Bd7 5. Nf3 Qb6 6. Be2 cxd4 7. cxd4 Bb5 8. 0-0 Bxe2 9. Qxe2 Nc6 10. Rd1 Nge7 11. Nc3 Nf5 12. Be3 Nxe3 13. fxe3 Be7 14. b3 0-0 15. Na4 Qa5 16. Rac1 Rac8 17. h3 Nb4 18. Nc3 Rc6 19. Na4 Rfc8 20. Rxc6 Rxc6 21. Rd2 Qc7 22. a3 Na6 23. b4 Rc1+ 24. Kf2 Qc4 25. Nc5 Nxc5 26. bxc5 Qxe2+ 27. Kxe2 Rb1 28. Rd3 h6 29. Kf2 Bd8 30. Ke2 Ba5 31. Kf2 Rb2+ 32. Kg3 Bd8 1/2-1/2

[Event "CRO-chT2 Ost"]
[Site "Croatia"]
[Date "2015.05.09"]
[Round "4.14"]
[White "Cabrajac, Zdravko"]
[Black "Abramovic, Darko"]
[Result "0-1"]
[WhiteElo "2051"]
[BlackElo "2109"]
[PlyCount "52"]
[EventDate "2015.04.25"]
[EventType "team-tourn"]
[EventRounds "11"]
[EventCountry "CRO"]
[SourceTitle "EXT 2016"]
[Source "ChessBase"]
[SourceDate "2015.10.08"]
[SourceVersion "1"]
[SourceVersionDate "2015.10.08"]
[SourceQuality "1"]

1. e4 e6 2. d4 d5 3. Nc3 dxe4 4. Nxe4 Nd7 5. Nf3 Ngf6 6. Nxf6+ Nxf6 7. Bd3 Be7 8. Qe2 0-0 9. c3 b6 10. Bg5 Bb7 11. h4 c5 12. dxc5 bxc5 13. 0-0-0 Qa5 14. Kb1 Rfd8 15. Ne5 h6 16. Rde1 Qc7 17. Bc2 Rab8 18. Nxf7 Kxf7 19. Qxe6+ Kf8 20. Bxf6 Bxf6 21. Bb3 c4 22. Bxc4 Bd5 23. Bxd5 Rxd5 24. Qxd5 Rxb2+ 25. Ka1 Bxc3 26. Qa8+ Rb8# 0-1

[Event "CRO-chT"]
[Site "Bol"]
[Date "2014.05.18"]
[Round "6.13"]
[White "Ikica, Ante"]
[Black "Abramovic, Darko"]
[Result "1-0"]
[WhiteElo "1970"]
[BlackElo "2109"]
[PlyCount "125"]
[EventDate "2014.05.14"]
[EventType "team-swiss"]
[EventRounds "6"]
[EventCountry "CRO"]
[SourceTitle "CBM 160 Extra"]
[Source "ChessBase"]
[SourceDate "2014.07.01"]
[SourceVersion "1"]
[SourceVersionDate "2014.07.01"]
[SourceQuality "1"]
[WhiteTeam "Porec Gortan"]
[BlackTeam "Knezevi Vinogradi"]
[WhiteTeamCountry "CRO"]
[BlackTeamCountry "CRO"]

1. e4 e6 2. d4 d5 3. Nd2 dxe4 4. Nxe4 Nd7 5. Bd3 Ngf6 6. Nf3 Be7 7. h4 h6 8. Be3 b6 9. Qe2 Bb7 10. Ng3 Bd6 11. Bd2 Qe7 12. Ne4 Nxe4 13. Bxe4 c6 14. 0-0-0 Nf6 15. Bd3 Qc7 16. Ne5 Bxe5 17. dxe5 Nd7 18. Rhe1 a5 19. Qe3 Nc5 20. Be2 0-0 21. g4 Nd7 22. f4 Kh7 23. Bd3+ Kh8 24. h5 c5 25. g5 hxg5 26. fxg5 c4 27. Be4 Bxe4 28. Qxe4 Nc5 29. Qxc4 a4 30. Kb1 Rfc8 31. g6 b5 32. Qf4 a3 33. h6 fxg6 34. Rh1 Kg8 35. hxg7 Qxg7 36. Qg4 Ra4 37. b4 Rd8 38. Be3 Rxd1+ 39. Rxd1 Nb7 40. Qxe6+ Qf7 41. Qxf7+ Kxf7 42. Rd7+ Ke6 43. Rxb7 Rxb4+ 44. Kc1 Kxe5 45. Bc5 Rb2 46. Bxa3 Rxa2 47. Rxb5+ Ke4 48. Be7 Ra7 49. Bg5 Rf7 50. Kb2 Rf3 51. c3 Rf1 52. Bc1 Kd3 53. Rd5+ Kc4 54. Rd4+ Kc5 55. Rg4 Rf6 56. Be3+ Kd5 57. Kb3 Ra6 58. c4+ Ke5 59. Kb4 Kf5 60. Rg1 Re6 61. Bc1 Rb6+ 62. Kc5 Rb3 63. Kc6 1-0

[Event "CRO-chT2 East"]
[Site "Croatia"]
[Date "2014.04.26"]
[Round "2.23"]
[White "Abramovic, Darko"]
[Black "Radulovic, Bojan"]
[Result "1/2-1/2"]
[WhiteElo "2109"]
[BlackElo "2221"]
[PlyCount "83"]
[EventDate "2014.04.26"]
[EventType "team-tourn"]
[EventRounds "11"]
[EventCountry "CRO"]
[SourceTitle "EXT 2019"]
[Source "ChessBase"]
[SourceDate "2018.10.10"]
[SourceVersion "1"]
[SourceVersionDate "2018.10.10"]
[SourceQuality "1"]

1. d4 Nf6 2. Bf4 e6 3. e3 c5 4. c3 d5 5. Bd3 Be7 6. Nd2 0-0 7. Ngf3 b6 8. Ne5 Bb7 9. Qf3 Nbd7 10. Qh3 g6 11. Rd1 cxd4 12. exd4 Nh5 13. Bg3 f5 14. Nxd7 Qxd7 15. Be5 Bd6 16. Qe3 Nf6 17. Bxd6 Qxd6 18. Nf3 Ng4 19. Qe2 Rae8 20. 0-0 e5 21. dxe5 Nxe5 22. Nxe5 Rxe5 23. Qd2 f4 24. Rfe1 Rg5 25. f3 Kg7 26. Kh1 Qf6 27. Bc2 Kh6 28. Qd4 Qd8 29. Re5 Rxe5 30. Qxe5 Qf6 31. Qxf6 Rxf6 32. Kg1 Kg7 33. Kf2 Kf7 34. Rd4 Ke6 35. g3 Ke5 36. gxf4+ Rxf4 37. Ke3 Rxd4 38. cxd4+ Kf6 39. h4 h6 40. Kf4 Bc8 41. Bb3 Be6 42. Ba4 1/2-1/2

[Event "Osijek-ch op"]
[Site "Osijek"]
[Date "2014.02.23"]
[Round "7"]
[White "Abramovic, Darko"]
[Black "Lovric, Petar"]
[Result "1/2-1/2"]
[WhiteElo "2109"]
[BlackElo "2010"]
[PlyCount "20"]
[EventDate "2014.02.20"]
[EventType "swiss"]
[EventRounds "7"]
[EventCountry "CRO"]
[SourceTitle "CBM 159 Extra"]
[Source "ChessBase"]
[SourceDate "2014.04.24"]
[SourceVersion "1"]
[SourceVersionDate "2014.04.24"]
[SourceQuality "1"]

1. f4 f5 2. Nf3 Nf6 3. g3 e6 4. Bg2 Be7 5. d3 d5 6. 0-0 0-0 7. e3 c5 8. Nbd2 Nc6 9. b3 b6 10. Bb2 Bb7 1/2-1/2

[Event "Osijek-ch op"]
[Site "Osijek"]
[Date "2014.02.22"]
[Round "6"]
[White "Mrkonjic, Nenad"]
[Black "Abramovic, Darko"]
[Result "1-0"]
[WhiteElo "2373"]
[BlackElo "2109"]
[PlyCount "109"]
[EventDate "2014.02.20"]
[EventType "swiss"]
[EventRounds "7"]
[EventCountry "CRO"]
[SourceTitle "CBM 159 Extra"]
[Source "ChessBase"]
[SourceDate "2014.04.24"]
[SourceVersion "1"]
[SourceVersionDate "2014.04.24"]
[SourceQuality "1"]

1. d4 d5 2. Nf3 Bf5 3. c4 e6 4. Nc3 Nc6 5. cxd5 exd5 6. Bf4 Bb4 7. e3 Nge7 8. Rc1 0-0 9. a3 Bxc3+ 10. Rxc3 a6 11. Be2 Nc8 12. 0-0 Nd6 13. h3 Qd7 14. Rc1 Nd8 15. Ne5 Qe7 16. Qb3 c6 17. Qb4 Nc8 18. Qc3 f6 19. Nd3 Bxd3 20. Bxd3 Ne6 21. Bh2 Nd6 22. a4 Rfe8 23. Qc2 g6 24. Rfe1 Kg7 25. Qb1 a5 26. b4 axb4 27. Qxb4 Ne4 28. Qb3 Ra7 29. Re2 Rea8 30. Ra2 Nd8 31. Qc2 b5 32. Rca1 Qb4 33. Rb2 Qe7 34. Rba2 Qb4 35. f3 Ng5 36. a5 Rxa5 37. Bd6 Rxa2 38. Bxb4 Rxa1+ 39. Kh2 Nxf3+ 40. Kg3 Ng5 41. Qc5 Ndf7 42. Qxc6 Ne4+ 43. Bxe4 dxe4 44. Qxb5 Rb1 45. Bf8+ Kxf8 46. Qxb1 f5 47. Kf4 Rd8 48. g4 fxg4 49. hxg4 Re8 50. Qb6 Kg7 51. Qc6 Re7 52. g5 Kf8 53. Qc5 Ke8 54. Qc8+ Nd8 55. d5 1-0

[Event "Osijek-ch op"]
[Site "Osijek"]
[Date "2014.02.20"]
[Round "1"]
[White "Abramovic, Darko"]
[Black "Niksic, Jurica"]
[Result "0-1"]
[WhiteElo "2109"]
[BlackElo "1807"]
[PlyCount "126"]
[EventDate "2014.02.20"]
[EventType "swiss"]
[EventRounds "7"]
[EventCountry "CRO"]
[SourceTitle "CBM 159 Extra"]
[Source "ChessBase"]
[SourceDate "2014.04.24"]
[SourceVersion "1"]
[SourceVersionDate "2014.04.24"]
[SourceQuality "1"]

1. d4 Nf6 2. Nf3 g6 3. c4 Bg7 4. Nc3 0-0 5. h3 d6 6. Bf4 c5 7. e3 Na6 8. Be2 Bd7 9. 0-0 Nc7 10. dxc5 dxc5 11. Qb3 Qc8 12. Rad1 Re8 13. Ne5 Bc6 14. Nxc6 bxc6 15. Bf3 e5 16. Bh2 e4 17. Be2 Ne6 18. Qc2 Nd8 19. Rd2 Nb7 20. Rfd1 Re6 21. Qa4 Ne8 22. Qa6 Be5 23. Bxe5 Rxe5 24. Qa3 Nf6 25. Na4 Qf8 26. Qc3 Qe7 27. b3 h5 28. a3 a5 29. Nb6 Ra6 30. Nd7 Re6 31. Nxf6+ Qxf6 32. Qxf6 Rxf6 33. Rd7 Rb6 34. Rb1 Kf8 35. Rd2 Rd6 36. Rdb2 Ke7 37. Kf1 f5 38. h4 Ke6 39. Ke1 Ke5 40. g3 Rd7 41. Rd2 Rxd2 42. Kxd2 Kd6 43. Kc3 Kc7 44. Rd1 Nd6 45. Rd2 Ne8 46. Rb2 Kd6 47. b4 axb4+ 48. axb4 cxb4+ 49. Rxb4 Rxb4 50. Kxb4 c5+ 51. Kb5 Nf6 52. Kb6 Nd7+ 53. Kb7 Ne5 54. Kc8 Nd3 55. f3 Nf2 56. Kd8 Nh1 57. g4 Ng3 58. gxh5 gxh5 59. Bd1 Nf1 60. fxe4 Nxe3 61. Bxh5 fxe4 62. Bg6 Ke5 63. Ke7 Nf5+ 0-1

[Event "CRO-chT2 East"]
[Site "Osijek"]
[Date "2013.04.20"]
[Round "2.13"]
[White "Abramovic, Darko"]
[Black "Kovacevic, Stevo"]
[Result "0-1"]
[WhiteElo "2118"]
[BlackElo "2020"]
[PlyCount "50"]
[EventDate "2013.04.20"]
[EventType "team-tourn"]
[EventRounds "11"]
[EventCountry "CRO"]
[SourceTitle "EXT 2023"]
[Source "ChessBase"]
[SourceDate "2022.10.05"]
[SourceVersion "1"]
[SourceVersionDate "2022.10.05"]
[SourceQuality "1"]

1. d4 f5 2. c4 Nf6 3. Nc3 e6 4. Nf3 b6 5. Bf4 Bb4 6. Rc1 Ne4 7. e3 Bxc3+ 8. bxc3 d6 9. h3 Nd7 10. Bd3 Ndf6 11. 0-0 Bb7 12. Qb3 Qe7 13. Rfd1 0-0-0 14. Ne1 g5 15. Bh2 g4 16. h4 g3 17. Bxg3 Nxg3 18. fxg3 Rdg8 19. d5 Rxg3 20. Rd2 Ng4 21. Nf3 Nxe3 22. Re1 f4 23. Rxe3 fxe3 24. Re2 Rhg8 25. Nd4 Qxh4 0-1

[Event "CRO-chT2 Ost"]
[Site "Osijek"]
[Date "2012.04.21"]
[Round "1.44"]
[White "Bosnjak, Petar"]
[Black "Abramovic, Darko"]
[Result "1/2-1/2"]
[WhiteElo "1918"]
[BlackElo "2122"]
[PlyCount "37"]
[EventDate "2012.04.21"]
[EventType "team-tourn"]
[EventRounds "11"]
[EventCountry "CRO"]
[SourceTitle "EXT 2014"]
[Source "ChessBase"]
[SourceDate "2013.11.20"]
[SourceVersion "1"]
[SourceVersionDate "2013.11.20"]
[SourceQuality "1"]

1. e4 e6 2. d4 d5 3. Nd2 dxe4 4. Nxe4 Nd7 5. Bd3 Ngf6 6. Qe2 Be7 7. Nf3 h6 8. Bf4 0-0 9. 0-0-0 b6 10. Ne5 Bb7 11. Rhg1 Nxe4 12. Bxe4 Bxe4 13. Qxe4 Bg5 14. Bxg5 Qxg5+ 15. f4 Qe7 16. g4 Nxe5 17. dxe5 Rad8 18. Rdf1 Qd7 19. Rd1 1/2-1/2

[Event "CRO-chT2 East"]
[Site "Croatia"]
[Date "2011.04.16"]
[Round "5"]
[White "Abramovic, Darko"]
[Black "Djurovic, Goran"]
[Result "0-1"]
[WhiteElo "2083"]
[BlackElo "2353"]
[PlyCount "86"]
[EventDate "2011.04.02"]
[EventType "tourn"]
[EventRounds "11"]
[EventCountry "CRO"]
[SourceTitle "EXT 2014"]
[Source "ChessBase"]
[SourceDate "2013.11.20"]
[SourceVersion "1"]
[SourceVersionDate "2013.11.20"]
[SourceQuality "1"]

1. d4 Nf6 2. Nf3 e6 3. Bf4 c5 4. e3 cxd4 5. exd4 b6 6. Nbd2 Be7 7. h3 0-0 8. Bd3 Ba6 9. Bxa6 Nxa6 10. 0-0 Qc8 11. c3 d6 12. Qe2 Qb7 13. Rfe1 Nc7 14. Ne4 Nxe4 15. Qxe4 Qxe4 16. Rxe4 b5 17. Ne1 Nd5 18. Nd3 Rfc8 19. a3 a5 20. Bd2 Nb6 21. Ree1 Nc4 22. Bf4 d5 23. a4 bxa4 24. Rxa4 Nb6 25. Ra2 a4 26. Bd2 Nc4 27. Rd1 a3 28. bxa3 Nxd2 29. Rdxd2 Rxc3 30. a4 g5 31. Kf1 Bf6 32. Nb2 Rb3 33. Ke2 h5 34. Rd3 Rb4 35. Ke3 Rc8 36. Nd1 Rcc4 37. Rad2 e5 38. dxe5 Re4+ 39. Kf3 g4+ 40. Kg3 Bxe5+ 41. f4 Bxf4+ 42. Kh4 g3 43. Rxg3+ Kh7 0-1

[Event "Szombathely op"]
[Site "Szombathely"]
[Date "2010.07.31"]
[Round "5"]
[White "Abramovic, Darko"]
[Black "Leviczki, Tibor"]
[Result "1/2-1/2"]
[WhiteElo "2043"]
[BlackElo "2393"]
[PlyCount "63"]
[EventDate "2010.07.27"]
[EventType "swiss"]
[EventRounds "7"]
[EventCountry "HUN"]
[SourceTitle "CBM 137 Extra"]
[Source "ChessBase"]
[SourceDate "2010.09.01"]
[SourceVersion "1"]
[SourceVersionDate "2010.09.01"]
[SourceQuality "1"]

1. d4 Nf6 2. Nf3 g6 3. Bf4 Bg7 4. e3 d6 5. h3 0-0 6. Be2 c5 7. c3 cxd4 8. exd4 Be6 9. Nbd2 Qb6 10. Qc2 Nc6 11. Nc4 Qc7 12. 0-0 Rac8 13. Rac1 Bd5 14. a3 Rfe8 15. Ne3 Be4 16. Qb3 e5 17. dxe5 dxe5 18. Bh2 Rcd8 19. Rcd1 h6 20. Rxd8 Rxd8 21. Rd1 Rxd1+ 22. Qxd1 Qe7 23. Bc4 g5 24. Nd5 Nxd5 25. Bxd5 Bxd5 26. Qxd5 e4 27. Bd6 Qe8 28. Nd2 e3 29. fxe3 Qxe3+ 30. Kh1 Qe1+ 31. Kh2 Qd1 32. Qe4 1/2-1/2

[Event "Szombathely op"]
[Site "Szombathely"]
[Date "2010.07.28"]
[Round "2"]
[White "Hansi, Otmar"]
[Black "Abramovic, Darko"]
[Result "0-1"]
[WhiteElo "1660"]
[BlackElo "2043"]
[PlyCount "58"]
[EventDate "2010.07.27"]
[EventType "swiss"]
[EventRounds "7"]
[EventCountry "HUN"]
[SourceTitle "CBM 137 Extra"]
[Source "ChessBase"]
[SourceDate "2010.09.01"]
[SourceVersion "1"]
[SourceVersionDate "2010.09.01"]
[SourceQuality "1"]

1. d4 d5 2. Nf3 Bf5 3. Bf4 c6 4. c3 Nd7 5. Qb3 Qb6 6. Nbd2 Ngf6 7. h3 h6 8. e3 e6 9. c4 Ne4 10. Qxb6 axb6 11. Nxe4 Bxe4 12. b3 Bb4+ 13. Kd1 Bc3 14. Rc1 Bb2 15. a4 Bxc1 16. Kxc1 dxc4 17. Bxc4 b5 18. Be2 bxa4 19. bxa4 Rxa4 20. Kb2 0-0 21. g4 Rfa8 22. Bf1 Ra2+ 23. Kc3 Bxf3 24. Rh2 Nf6 25. Kc4 g5 26. Bg3 b5+ 27. Kb3 Bd5+ 28. Kb4 Ne4 29. Bc7 Rb2# 0-1

[Event "Osijek op"]
[Site "Osijek"]
[Date "2010.01.30"]
[Round "7"]
[White "Fures, Ivica"]
[Black "Abramovic, Darko"]
[Result "1/2-1/2"]
[WhiteElo "1761"]
[BlackElo "2040"]
[PlyCount "96"]
[EventDate "2010.01.23"]
[EventType "swiss"]
[EventRounds "9"]
[EventCountry "CRO"]
[SourceTitle "CBM 134 Extra"]
[Source "ChessBase"]
[SourceDate "2010.03.03"]
[SourceVersion "1"]
[SourceVersionDate "2010.03.03"]
[SourceQuality "1"]

1. c4 b6 2. Nf3 Bb7 3. g3 Nf6 4. Bg2 e6 5. 0-0 Be7 6. d4 0-0 7. Nc3 c5 8. d5 d6 9. e4 Bc8 10. Qc2 e5 11. h3 Na6 12. a3 Nc7 13. Kh2 Bd7 14. Ng1 Qc8 15. f4 g6 16. fxe5 dxe5 17. Bh6 Rd8 18. d6 Bxd6 19. Rxf6 Be7 20. Rf3 f5 21. Raf1 Be6 22. Nd5 Qd7 23. Rd3 Bxd5 24. cxd5 Nb5 25. exf5 gxf5 26. d6 e4 27. Qc4+ Kh8 28. Rdd1 Bf6 29. Bxe4 Nxd6 30. Bxa8 Nxc4 31. Rxd7 Rxd7 32. Rxf5 Bg7 33. Bxg7+ Kxg7 34. Rf2 Rd3 35. Be4 Rb3 36. Bd5 Rxb2 37. Rxb2 Nxb2 38. Ne2 b5 39. Nc3 b4 40. axb4 cxb4 41. Ne2 a5 42. Nc1 a4 43. Kg2 Nd1 44. Kf3 Nc3 45. Bc4 b3 46. Bxb3 axb3 47. Nxb3 Kf6 48. Nd2 Nd5 1/2-1/2